Normal view MARC view
  • Spark, David

Entry Personal Name

Number of records used in: 1

001 - CONTROL NUMBER

  • control field: 37811

003 - CONTROL NUMBER IDENTIFIER

  • control field: OSt

005 - DATE AND TIME OF LATEST TRANSACTION

  • control field: 20150504114351.0

008 - FIXED-LENGTH DATA ELEMENTS

  • fixed length control field: 150504|| aca||aabn | a|a d

040 ## - CATALOGING SOURCE

  • Original cataloging agency: OSt

100 10 - HEADING--PERSONAL NAME

  • Personal name: Spark, David